Nápady a idey pre dizajn Avantgarda sa ešte v obchode neudrží

Bibliographic Details
Main Author: Krištofičová, Dagmar (Author)
Format: Article
Language:Slovak
PhysicalDescription:Fotogr. 1
Subjects:

MARC

LEADER 00000nab a2200000 a 4500
001 vtls000507183
003 SK-MaSNL
005 20260304012908.0
008 120927c1993 xo 0 slo
015 |a SNBRB19rr/mm-uuuuu 
035 |a CL0507321 
040 |a SNKBUCL  |b slo  |c SNKBUCL  |e AACR2 
041 0 |a slo 
044 |a xo  |c SK 
080 |a 684:061.5(437.6):658.512.2  |2 1981 
080 |a 658.512.2  |2 1981 
100 1 |a Krištofičová, Dagmar  |4 aut  |9 7033 
245 1 0 |a Nápady a idey pre dizajn  |b Avantgarda sa ešte v obchode neudrží  |c Dagmar Krištofičová 
300 |b Fotogr. 1 
610 2 7 |a IDAE (Bratislava, Slovensko)  |2 snkbucl  |9 1293175 
650 0 7 |a nábytok  |2 snkbucl  |9 3744 
650 0 7 |a priemyselný dizajn  |2 snkbucl  |9 766 
651 7 |a 5100  |2 snkbucl  |9 166206 
655 7 |a články z novín a časopisov  |2 snkbucl  |9 267496 
773 0 |t Slovenský profit  |g Roč. 1, č. 8 (1993) 
773 0 |t [Príl.] Profit ekonomika  |g Č. 8, s. 4 
850 |a Slovenská národná knižnica v Martine  |a MTA001 
852 |a SNK  |b KIS3GCP 
958 |a RK 
992 |a RBX 
999 |c 2573621  |d 2575551